| 000 | 00526nam a2200169Ia 4500 | ||
|---|---|---|---|
| 005 | 20250508153916.0 | ||
| 008 | 008 250505s9999 xx 000 0 ger d | ||
| 037 | _aBooks to be hide in OPAC | ||
| 040 |
_aFEDL _beng _cFEDL |
||
| 041 |
_ager _2eng |
||
| 084 |
_a370, GER/O _qFEDL |
||
| 245 | 0 | _aL'engeignement des travaux manuels dans les ecoles primaires et secondaries | |
| 260 |
_aGeneva _bBureau International D' Education _c1942 |
||
| 300 | _a202p. | ||
| 942 |
_cHB _h370, GER/O |
||
| 999 |
_c1346294 _d1346294 |
||